| 000 | 00416nam a2200157 a 4500 | ||
|---|---|---|---|
| 005 | 20140412111427.0 | ||
| 008 | 090225s19uu xx 00 eng d | ||
| 020 | _a0-694-00491-x | ||
| 050 |
_aTR(PS E _bIt1 1993 |
||
| 100 | _aShaw, Charles | ||
| 245 |
_aIt Looked like a spilt milk / _cCharles G. Shaw. |
||
| 260 |
_aMalaysia : _bHarper Festival, _c1993. |
||
| 300 | _aunp. | ||
| 650 | _aClouds | ||
| 999 |
_c106272 _d106272 |
||